[Event "37. Copenhagen Open (Politiken Cup)"]
[Site "Elsinore"]
[Date "2015.07.26"]
[Round "3"]
[White "Rasmussen, Henning1"]
[Black "Frisvold, Ole Emil"]
[Result "0-1"]
[WhiteElo "1817"]
[BlackElo "2063"]
[PlyCount "156"]
[EventDate "2015.07.25"]
[EventType "swiss"]
[EventRounds "10"]
[EventCountry "DEN"]
[Source "ChessBase"]
[SourceDate "2015.09.14"]

1. e4 c5 2. c3 Nf6 3. e5 Nd5 4. d4 cxd4 5. cxd4 d6 6. Nf3 Nc6 7. Be2 e6 8. O-O
Bd7 9. exd6 Bxd6 10. Nc3 Nce7 11. Nxd5 Nxd5 12. Ne5 O-O 13. Nxd7 Qxd7 14. Bf3
Be7 15. Qb3 Rfd8 16. Be3 Bf6 17. Rac1 Qe7 18. a3 Rd7 19. Rc2 Rad8 20. g3 b6 21.
Rfc1 g6 22. Rc8 Kg7 23. Rxd8 Rxd8 24. Kg2 Nxe3+ 25. fxe3 e5 26. Rd1 exd4 27.
exd4 Rxd4 28. Rxd4 Bxd4 29. Qc2 Qe1 30. b3 Qg1+ 31. Kh3 Qf1+ 32. Qg2 Qd3 33.
Bd5 Qf5+ 34. g4 Qg5 35. Qf3 Bf6 36. a4 Qd2 37. Bc4 Qd7 38. Kg2 Be5 39. h3 Qc7
40. Qd5 Qe7 41. Qf3 Bf6 42. Qd5 Bh4 43. Qf3 Qd7 44. Qd5 Qe7 45. Qf3 f6 46. Kh1
Qe5 47. Kg2 Qe1 48. Kh2 Bf2 49. Qg2 Kh6 50. Bd5 Kg5 51. Bc4 Kh4 52. Qf1 Qe5+
53. Kh1 Qg3 54. Qg2 Qxh3+ 55. Qxh3+ Kxh3 56. Be6 Kg3 57. Bd7 Be3 58. Be6 Bd4
59. Bd7 Bc5 60. Be6 Be3 61. Bd7 Bc5 62. Be6 Kh4 63. Kg2 h5 64. gxh5 Kxh5 65.
Kf3 f5 66. Bf7 Kg5 67. Bd5 Kf6 68. Bc4 Ke5 69. Bf7 g5 70. Bc4 Kf6 71. Bd3 g4+
72. Kg3 Kg5 73. Bc4 f4+ 74. Kg2 f3+ 75. Kg3 Bd6+ 76. Kf2 Kf4 77. Bd5 g3+ 78.
Kf1 g2+ 0-1

[Event "37. Copenhagen Open (Politiken Cup)"]
[Site "Elsinore"]
[Date "2015.07.26"]
[Round "3"]
[White "Rasmussen, Jonas H"]
[Black "De Strycker, Nathan"]
[Result "0-1"]
[WhiteElo "1852"]
[BlackElo "2097"]
[PlyCount "146"]
[EventDate "2015.07.25"]
[EventType "swiss"]
[EventRounds "10"]
[EventCountry "DEN"]
[Source "ChessBase"]
[SourceDate "2015.09.14"]

1. d4 Nf6 2. c4 g6 3. Nf3 Bg7 4. Bf4 d6 5. e3 O-O 6. Nc3 Nbd7 7. Be2 c6 8. O-O
Nh5 9. Bg3 Nxg3 10. hxg3 Qc7 11. Qc2 e5 12. Rac1 f5 13. c5 d5 14. Nxe5 Nxe5 15.
dxe5 Qxe5 16. b4 a6 17. a4 g5 18. b5 axb5 19. axb5 f4 20. gxf4 gxf4 21. Qd2 Ra3
22. bxc6 bxc6 23. exf4 Rxf4 24. g3 Rb4 25. Bf3 Rxc3 26. Rxc3 Qxc3 27. Bxd5+ Kf8
28. Qxc3 Bxc3 29. Bxc6 Rc4 30. Rd1 Bd4 31. Kg2 Bf5 32. Bf3 Bxc5 33. Rd2 Ke7 34.
Re2+ Kf6 35. Rd2 Rc3 36. Re2 Bd3 37. Rd2 Ke5 38. Ra2 Rb3 39. Rd2 Ra3 40. Rd1
Bd4 41. Rd2 Bc4 42. Rc2 Bc3 43. Rc1 Bd3 44. Rd1 Bb4 45. Rc1 Ra2 46. Rc8 Bg6 47.
Rc1 Bd2 48. Rc5+ Kf6 49. Rc6+ Ke7 50. Rc5 Kd6 51. Rd5+ Kc7 52. Rc5+ Kb6 53.
Rc6+ Kb5 54. Re6 Bc3 55. Re2 Ra1 56. Re7 Bd4 57. Be4 Ra2 58. Bxg6 Rxf2+ 59. Kh3
hxg6 60. Re4 Bf6 61. Rg4 g5 62. Re4 Kc5 63. Ra4 Kd5 64. Ra5+ Ke6 65. Rb5 Kf7
66. Kg4 Kg6 67. Ra5 Rb2 68. Ra4 Rd2 69. Ra5 Rd4+ 70. Kf3 Rb4 71. g4 Rb3+ 72.
Kf2 Bd4+ 73. Kg2 Re3 0-1

[Event "37. Copenhagen Open (Politiken Cup)"]
[Site "Elsinore"]
[Date "2015.07.26"]
[Round "3"]
[White "Rendlev, Niels Moller"]
[Black "Carnstam, Tomas"]
[Result "0-1"]
[WhiteElo "1785"]
[BlackElo "2034"]
[PlyCount "60"]
[EventDate "2015.07.25"]
[EventType "swiss"]
[EventRounds "10"]
[EventCountry "DEN"]
[Source "ChessBase"]
[SourceDate "2015.09.14"]

1. g3 d5 2. f4 Nf6 3. Bg2 c5 4. d3 Nc6 5. Nf3 g6 6. O-O Bg7 7. Nc3 d4 8. Ne4
Nxe4 9. dxe4 Qb6 10. Kh1 e5 11. Rb1 Be6 12. b3 Rd8 13. Ng5 Bg4 14. h3 Bc8 15.
f5 f6 16. Nf3 gxf5 17. exf5 Nb4 18. a3 Nd5 19. Qd3 Nc3 20. Nd2 Nxb1 21. Nxb1
Bd7 22. Nd2 Bc6 23. Ne4 Bd5 24. a4 a6 25. g4 h6 26. Kh2 Qc6 27. Ba3 b5 28. axb5
axb5 29. Bf3 c4 30. bxc4 bxc4 0-1

[Event "37. Copenhagen Open (Politiken Cup)"]
[Site "Elsinore"]
[Date "2015.07.26"]
[Round "3"]
[White "Rewitz, Poul"]
[Black "Jepson, Christian"]
[Result "0-1"]
[WhiteElo "2184"]
[BlackElo "2428"]
[PlyCount "158"]
[EventDate "2015.07.25"]
[EventType "swiss"]
[EventRounds "10"]
[EventCountry "DEN"]
[Source "ChessBase"]
[SourceDate "2015.09.14"]

1. c3 f5 2. g3 Nf6 3. Bg2 d5 4. Nh3 e6 5. O-O Be7 6. Na3 O-O 7. Nc2 c5 8. d4
Nc6 9. f3 b6 10. Nf2 Ba6 11. Re1 Qd7 12. e4 Rad8 13. Bh3 dxe4 14. fxe4 cxd4 15.
exf5 exf5 16. Nxd4 Nxd4 17. Qxd4 Qxd4 18. cxd4 Bb4 19. Rd1 Be2 20. Bd2 Rxd4 21.
Bxb4 Rxb4 22. Rd2 Bg4 23. Bxg4 Nxg4 24. Nxg4 Rxg4 25. Rc1 f4 26. Kg2 h5 27. Rc3
fxg3 28. Rxg3 Rxg3+ 29. Kxg3 g6 30. h4 Rf7 31. b4 Kg7 32. a4 Rc7 33. Rd4 Rf7
34. b5 Kh6 35. Rc4 Kg7 36. Rd4 Kf6 37. Rd6+ Kf5 38. Rd5+ Ke4 39. Rd6 Kf5 40.
Rd5+ Ke4 41. Rd6 Rg7 42. Kh3 Ke5 43. Rc6 Kd5 44. Kh2 Ke5 45. Kh3 Kf5 46. Rd6
Re7 47. Rd5+ Kf4 48. Rg5 Re6 49. Rd5 Re3+ 50. Kh2 Re4 51. Rg5 Re6 52. Rd5 Re7
53. Rg5 Rg7 54. Rd5 Ke4 55. Rd6 Ke5 56. Rc6 Kf5 57. Rd6 Re7 58. Rd5+ Kf6 59.
Rd6+ Kf5 60. Rd5+ Kg4 61. Rd4+ Kf3 62. Rd3+ Re3 63. Rd7 Re4 64. Rxa7 Rxh4+ 65.
Kg1 Rb4 66. Ra6 g5 67. Rxb6 Rxa4 68. Rf6+ Kg3 69. Kf1 h4 70. Ke2 h3 71. Rf3+
Kg2 72. Rf2+ Kg3 73. Rf3+ Kh4 74. Rb3 h2 75. Rb1 Kg3 76. b6 Re4+ 77. Kd3 Re7
78. Kc4 Rh7 79. b7 Rxb7 0-1

[Event "37. Copenhagen Open (Politiken Cup)"]
[Site "Elsinore"]
[Date "2015.07.26"]
[Round "3"]
[White "Rishovd, Svein"]
[Black "Simensen, Vegard"]
[Result "1/2-1/2"]
[WhiteElo "2094"]
[BlackElo "1859"]
[PlyCount "114"]
[EventDate "2015.07.25"]
[EventType "swiss"]
[EventRounds "10"]
[EventCountry "DEN"]
[Source "ChessBase"]
[SourceDate "2015.09.14"]

1. d4 Nf6 2. Nf3 d5 3. c4 e6 4. Nc3 Be7 5. Bg5 O-O 6. e3 h6 7. Bh4 Ne4 8. Bxe7
Qxe7 9. Rc1 c6 10. Be2 Nd7 11. O-O Nxc3 12. Rxc3 dxc4 13. Bxc4 e5 14. a3 e4 15.
Nd2 Nf6 16. Qe2 Bg4 17. f3 exf3 18. gxf3 Bh3 19. Re1 Rad8 20. Qf2 Nd5 21. Rb3
Rfe8 22. Kh1 Nb6 23. Bf1 Bxf1 24. Rxf1 c5 25. dxc5 Qxc5 26. Rc3 Qb5 27. Ne4 Qf5
28. Ng3 Qe5 29. e4 Qf4 30. Rc2 g6 31. Ne2 Qd6 32. Rfc1 Re7 33. Qe3 Kh7 34. Qf4
Qe6 35. Nc3 Red7 36. Rg1 a6 37. Qg3 Rd3 38. Qf4 R8d7 39. Rgc1 Kg7 40. Kg2 Nc4
41. Nd5 Ne5 42. Rf1 Nc6 43. Nc7 Qe5 44. Qxe5+ Nxe5 45. Ne8+ Kf8 46. Nf6 Rd2+
47. Rf2 Rxf2+ 48. Rxf2 Rd3 49. f4 Nc4 50. Nd5 Rb3 51. Rc2 Rxb2 52. Rxb2 Nxb2
53. Kf3 Ke8 54. Nb6 Nd3 55. Ke3 Nc5 56. Kd4 Ne6+ 57. Ke5 Nc5 1/2-1/2

[Event "37. Copenhagen Open (Politiken Cup)"]
[Site "Elsinore"]
[Date "2015.07.26"]
[Round "3"]
[White "Roder, Peter"]
[Black "Nielsen, Morten"]
[Result "1-0"]
[WhiteElo "2144"]
[BlackElo "1942"]
[PlyCount "63"]
[EventDate "2015.07.25"]
[EventType "swiss"]
[EventRounds "10"]
[EventCountry "DEN"]
[Source "ChessBase"]
[SourceDate "2015.09.14"]

1. d4 Nf6 2. c4 c5 3. d5 b5 4. cxb5 a6 5. Nc3 axb5 6. e4 b4 7. Nb5 d6 8. Bf4 g5
9. Bxg5 Nxe4 10. Bf4 Qa5 11. Bc4 Bg7 12. Qe2 b3+ 13. Kf1 f5 14. f3 O-O 15. fxe4
fxe4 16. g3 Nd7 17. Kg2 Nb6 18. Bd2 Qxd2 19. Qxd2 Nxc4 20. Qe2 Nxb2 21. Nc7 Ra4
22. Nh3 Bxh3+ 23. Kxh3 Nd3 24. axb3 Rxa1 25. Rxa1 Bxa1 26. Ne6 Rf3 27. Qa2 Bg7
28. Qa8+ Bf8 29. Ng5 Nf4+ 30. Kg4 h5+ 31. Kf5 Nd3+ 32. Kxe4 1-0

[Event "37. Copenhagen Open (Politiken Cup)"]
[Site "Elsinore"]
[Date "2015.07.26"]
[Round "3"]
[White "Roksvold, Jan"]
[Black "Levrand, Roland"]
[Result "0-1"]
[WhiteElo "1927"]
[BlackElo "2146"]
[PlyCount "108"]
[EventDate "2015.07.25"]
[EventType "swiss"]
[EventRounds "10"]
[EventCountry "DEN"]
[Source "ChessBase"]
[SourceDate "2015.09.14"]

1. Nf3 Nf6 2. c4 g6 3. Nc3 Bg7 4. e4 O-O 5. d4 c6 6. d5 d6 7. Bd3 Nbd7 8. O-O
Nc5 9. Bc2 a5 10. Rb1 a4 11. Re1 Qa5 12. Bd2 Qa6 13. b3 axb3 14. axb3 e5 15. b4
Ncd7 16. b5 cxb5 17. Nxb5 Ne8 18. Ra1 Qxa1 19. Qxa1 Rxa1 20. Rxa1 Nc5 21. Bb4
b6 22. Ne1 f5 23. f3 fxe4 24. fxe4 Bh6 25. Nf3 Be3+ 26. Kf1 Bd7 27. Nc3 Nf6 28.
Ke2 Bd4 29. Nxd4 exd4 30. Nb5 Bxb5 31. cxb5 Nfxe4 32. Bxe4 Nxe4 33. Kd3 Rf4 34.
Ra8+ Kg7 35. Rd8 Nc5+ 36. Bxc5 dxc5 37. Rd6 Rf6 38. Rc6 Kf7 39. d6 Rf1 40. Rxb6
Ke6 41. Rc6 Rc1 42. b6 Rc3+ 43. Ke4 g5 44. d7+ Kxd7 45. Kd5 d3 46. Rc7+ Kd8 47.
Kc6 Rb3 48. b7 c4 49. Rd7+ Ke8 50. Rd4 c3 51. Rxd3 c2 52. Rxb3 c1=Q+ 53. Kb6
Qf4 54. Kc6 Qc4+ 0-1

[Event "37. Copenhagen Open (Politiken Cup)"]
[Site "Elsinore"]
[Date "2015.07.26"]
[Round "3"]
[White "Roksvold, Thore"]
[Black "Huse, Lars Paul"]
[Result "1-0"]
[WhiteElo "1629"]
[BlackElo "1170"]
[PlyCount "79"]
[EventDate "2015.07.25"]
[EventType "swiss"]
[EventRounds "10"]
[EventCountry "DEN"]
[Source "ChessBase"]
[SourceDate "2015.09.14"]

1. e4 e6 2. d4 d5 3. Nc3 Nf6 4. e5 Ne4 5. Nxe4 dxe4 6. Ne2 f5 7. exf6 gxf6 8.
Nc3 f5 9. Qh5+ Kd7 10. Be3 Qe8 11. Be2 a6 12. O-O-O Kd8 13. f4 Qxh5 14. Bxh5
Bd7 15. d5 Bd6 16. dxe6 Bxe6 17. Kb1 Nd7 18. g3 Ke7 19. Nd5+ Kd8 20. Bd4 Rg8
21. Nf6 Rg7 22. Nxe4 Bf7 23. Bxg7 Bxh5 24. Nxd6 Bxd1 25. Rxd1 cxd6 26. Rxd6 Kc7
27. Rd5 Re8 28. b3 Re2 29. Rxf5 Rxh2 30. g4 Rh4 31. g5 Nb8 32. Be5+ Kc8 33.
Rf8+ Kd7 34. Rxb8 Kc6 35. Rg8 Rh5 36. g6 h6 37. g7 Rh1+ 38. Kb2 Rg1 39. Rc8+
Kd7 40. g8=Q 1-0

[Event "37. Copenhagen Open (Politiken Cup)"]
[Site "Elsinore"]
[Date "2015.07.26"]
[Round "3"]
[White "Rolvag, Mikael"]
[Black "Schroeder, Jan Christian"]
[Result "0-1"]
[WhiteElo "2193"]
[BlackElo "2461"]
[PlyCount "122"]
[EventDate "2015.07.25"]
[EventType "swiss"]
[EventRounds "10"]
[EventCountry "DEN"]
[Source "ChessBase"]
[SourceDate "2015.09.14"]

1. d4 Nf6 2. c4 e6 3. Nc3 Bb4 4. e3 b6 5. Nge2 Ne4 6. Qc2 Bb7 7. a3 Bxc3+ 8.
Nxc3 Nxc3 9. Qxc3 d6 10. Bd3 Qg5 11. Rg1 Qh4 12. h3 Nd7 13. b3 Nf6 14. Bb2 Be4
15. Bf1 O-O-O 16. Ke2 Bb7 17. g3 Qh5+ 18. g4 Qg6 19. f3 h5 20. g5 Nh7 21. h4 f6
22. d5 fxg5 23. Bh3 g4 24. fxg4 Nf6 25. g5 Ng4 26. Rac1 e5 27. Qd3 Qxd3+ 28.
Kxd3 Kb8 29. Rcf1 Bc8 30. Bg2 Rdf8 31. Bc3 Nf2+ 32. Ke2 Bg4+ 33. Ke1 Nd3+ 34.
Kd2 Nf2 35. Ke1 Nd1 36. Bd2 a5 37. Be4 a4 38. b4 Nb2 39. c5 Nc4 40. Bc1 dxc5
41. bxc5 bxc5 42. Bc2 Bf3 43. Bxa4 Bxd5 44. Bd1 e4 45. Rxf8+ Rxf8 46. Rf1 Rxf1+
47. Kxf1 g6 48. Kf2 Kc8 49. Ba4 c6 50. Kg3 Ne5 51. Bc2 c4 52. Bb2 Nd3 53. Bc3
Kb7 54. Bxd3 cxd3 55. a4 Kb6 56. Kf2 Kc5 57. Ke1 Bc4 58. a5 Ba6 59. Kd1 Kd5 60.
Ke1 c5 61. Kd1 Ke6 0-1

[Event "37. Copenhagen Open (Politiken Cup)"]
[Site "Elsinore"]
[Date "2015.07.26"]
[Round "3"]
[White "Rose, Dennis Lauge"]
[Black "Kristiansen, Jesper2"]
[Result "1/2-1/2"]
[WhiteElo "1797"]
[BlackElo "2051"]
[PlyCount "50"]
[EventDate "2015.07.25"]
[EventType "swiss"]
[EventRounds "10"]
[EventCountry "DEN"]
[Source "ChessBase"]
[SourceDate "2015.09.14"]

1. f4 d5 2. Nf3 Nf6 3. e3 c5 4. d4 Nc6 5. c3 e6 6. Bd3 Be7 7. O-O Qc7 8. Ne5 b6
9. Bb5 Bd7 10. Nxd7 Qxd7 11. Nd2 O-O 12. Nf3 Qc7 13. Bd3 Ne4 14. Ne5 f6 15. Ng4
f5 16. Ne5 Nxe5 17. fxe5 Rf7 18. Bxe4 dxe4 19. Bd2 Qc6 20. Rc1 c4 21. Be1 Raf8
22. Bg3 b5 23. Qe2 Qd5 24. Qh5 g6 25. Qe2 g5 1/2-1/2

[Event "37. Copenhagen Open (Politiken Cup)"]
[Site "Elsinore"]
[Date "2015.07.26"]
[Round "3"]
[White "Rosenkilde, Alexander"]
[Black "Glud, Jakob Vang"]
[Result "0-1"]
[WhiteElo "2225"]
[BlackElo "2531"]
[PlyCount "166"]
[EventDate "2015.07.25"]
[EventType "swiss"]
[EventRounds "10"]
[EventCountry "DEN"]
[Source "ChessBase"]
[SourceDate "2015.09.14"]

1. d4 d5 2. c4 e6 3. Nf3 Nf6 4. g3 Bb4+ 5. Bd2 Bd6 6. Bg2 c6 7. Qc2 Nbd7 8. O-O
O-O 9. Bf4 Bxf4 10. gxf4 b6 11. Nbd2 Bb7 12. c5 bxc5 13. dxc5 Qc7 14. e3 e5 15.
Nxe5 Nxe5 16. fxe5 Qxe5 17. Nf3 Qh5 18. Nd4 Rae8 19. Qf5 Qh6 20. Qh3 Nh5 21.
Qd7 Rb8 22. b4 Rfd8 23. Qh3 Bc8 24. Qf3 Rxb4 25. Rfb1 Rxb1+ 26. Rxb1 Bd7 27.
Rb7 Qg6 28. h3 a5 29. Kh2 Qg5 30. Ra7 h6 31. Rxa5 Rb8 32. Nb3 g6 33. Ra7 Qe5+
34. Kg1 Bf5 35. Bf1 Ng7 36. Qg3 Qe8 37. Qd6 Ne6 38. Kh2 Rd8 39. Qe5 Ra8 40.
Rxa8 Qxa8 41. Qa1 Qa3 42. Nd4 Qxc5 43. Nxf5 gxf5 44. Qf6 Qc2 45. Kg1 Qxa2 46.
Bd3 f4 47. Bf5 fxe3 48. fxe3 Qd2 49. Qxh6 Qc1+ 50. Kf2 Qb2+ 51. Kf1 Qg7 52. Qh4
Qg5 53. Qxg5+ Nxg5 54. Bd7 c5 55. Bc6 Nxh3 56. Bxd5 Kf8 57. Ke2 Ke7 58. Kd3 Ng5
59. Kc4 Kd6 60. Bg2 f6 61. Kd3 Nf7 62. Be4 Ke6 63. Kc3 Nd6 64. Bf3 Nf7 65. Be4
Ne5 66. Bh7 Kf7 67. Be4 Kg7 68. Kb3 Kf7 69. Kc3 Ke6 70. Bh7 Kd5 71. Bf5 Nf7 72.
Kd3 Nd6 73. Bh3 c4+ 74. Kd2 Kc5 75. Be6 Kb4 76. Kc2 Ne4 77. Bd5 Ng3 78. e4 Kc5
79. Kc3 Ne2+ 80. Kd2 Nf4 81. Bb7 Kd4 82. Bc6 Nd3 83. Bd5 Nc5 0-1

[Event "37. Copenhagen Open (Politiken Cup)"]
[Site "Elsinore"]
[Date "2015.07.26"]
[Round "3"]
[White "Rossen, Claus"]
[Black "Rasmussen, Lars"]
[Result "1-0"]
[WhiteElo "2193"]
[BlackElo "1953"]
[PlyCount "45"]
[EventDate "2015.07.25"]
[EventType "swiss"]
[EventRounds "10"]
[EventCountry "DEN"]
[Source "ChessBase"]
[SourceDate "2015.09.14"]

1. e4 e5 2. Nf3 Nf6 3. Nxe5 d6 4. Nf3 Nxe4 5. Nc3 Nxc3 6. dxc3 Be7 7. Bf4 O-O
8. Qd2 Nd7 9. O-O-O Nf6 10. Bd3 a5 11. h3 a4 12. a3 Bd7 13. Rhg1 Bc6 14. Nd4
Be4 15. Nf5 Re8 16. Nxe7+ Rxe7 17. Bg5 Re6 18. Bc4 d5 19. f3 Rd6 20. fxe4 dxc4
21. Qe2 b5 22. e5 Qe7 23. Qf3 1-0

[Event "37. Copenhagen Open (Politiken Cup)"]
[Site "Elsinore"]
[Date "2015.07.26"]
[Round "3"]
[White "Royset, Pal"]
[Black "Henningsen, Lasse"]
[Result "1-0"]
[WhiteElo "2236"]
[BlackElo "1960"]
[PlyCount "53"]
[EventDate "2015.07.25"]
[EventType "swiss"]
[EventRounds "10"]
[EventCountry "DEN"]
[Source "ChessBase"]
[SourceDate "2015.09.14"]

1. e4 e5 2. Nf3 Nc6 3. Bb5 a6 4. Ba4 Nf6 5. O-O Be7 6. Re1 b5 7. Bb3 Bb7 8. c3
d5 9. exd5 Nxd5 10. Nxe5 Nxe5 11. Rxe5 Nf4 12. d4 Nxg2 13. Qe2 h6 14. Qg4 O-O
15. Bxh6 Bf6 16. Nd2 Qc8 17. Qg3 Qd8 18. Ne4 Nh4 19. Bf4 Bxe5 20. Bxe5 Nf5 21.
Qg4 Bxe4 22. Qxe4 Qd7 23. Kh1 Nd6 24. Rg1 Nxe4 25. Rxg7+ Kh8 26. Rxf7+ Kg8 27.
Rxd7+ 1-0

[Event "37. Copenhagen Open (Politiken Cup)"]
[Site "Elsinore"]
[Date "2015.07.26"]
[Round "3"]
[White "Salerno, Christian"]
[Black "Hedin, Niclas"]
[Result "0-1"]
[WhiteElo "2129"]
[BlackElo "1922"]
[PlyCount "104"]
[EventDate "2015.07.25"]
[EventType "swiss"]
[EventRounds "10"]
[EventCountry "DEN"]
[Source "ChessBase"]
[SourceDate "2015.09.14"]

1. e4 e6 2. Nf3 d5 3. Nc3 Nf6 4. e5 Nfd7 5. d4 c5 6. Bf4 a6 7. dxc5 Bxc5 8. Bd3
Qb6 9. O-O Qxb2 10. Bd2 Qb6 11. Na4 Qc7 12. Nxc5 Nxc5 13. Bb4 b6 14. Re1 Nbd7
15. Qd2 h6 16. Qf4 Bb7 17. a4 f5 18. Bxf5 exf5 19. Qxf5 O-O-O 20. e6 Nf6 21.
e7+ Rd7 22. Ne5 Re8 23. Nxd7 Qxd7 24. Qe5 Nfe4 25. Qxg7 Rxe7 26. Qxh6 Re6 27.
Qf8+ Re8 28. Qf4 Qg7 29. Bxc5 bxc5 30. f3 Rf8 31. Qe3 d4 32. Qa3 d3 33. c3 Rg8
34. g4 Qe5 35. Rad1 c4 36. Qb4 Rh8 37. Rd2 Rxh2 38. Rxh2 Qg3+ 39. Rg2 Qxe1+ 40.
Kh2 Qh4+ 41. Kg1 d2 42. Qxc4+ Kb8 43. Rxd2 Qe1+ 44. Kh2 Qxd2+ 45. Kh3 Ng5+ 46.
Kg3 Qd6+ 47. Kf2 Nxf3 48. Qg8+ Ka7 49. g5 Qh2+ 50. Kf1 Qg1+ 51. Ke2 Qe1+ 52.
Kd3 Qe4# 0-1

[Event "37. Copenhagen Open (Politiken Cup)"]
[Site "Elsinore"]
[Date "2015.07.26"]
[Round "3"]
[White "Saltvedt, Martin"]
[Black "Halse, Iver"]
[Result "1-0"]
[WhiteElo "1864"]
[BlackElo "1560"]
[PlyCount "77"]
[EventDate "2015.07.25"]
[EventType "swiss"]
[EventRounds "10"]
[EventCountry "DEN"]
[Source "ChessBase"]
[SourceDate "2015.09.14"]

1. d4 d5 2. Nf3 Nf6 3. Bg5 e6 4. e3 Bd6 5. Nbd2 Nbd7 6. c4 c6 7. Bd3 O-O 8. O-O
b6 9. a3 Ba6 10. Qc2 Qc8 11. Rfc1 h6 12. Bh4 c5 13. cxd5 Nxd5 14. Ne4 Bxd3 15.
Qxd3 Be7 16. Bxe7 Nxe7 17. dxc5 Nxc5 18. Nxc5 bxc5 19. Qd6 Qb7 20. Qxc5 Rac8
21. Qd4 Rfd8 22. Rxc8 Rxc8 23. b4 Qc7 24. h3 Rd8 25. Qb2 a6 26. Rc1 Qb6 27. Nd4
Rd5 28. Qc3 Rd7 29. Qc5 Qd8 30. Qc4 Qb6 31. Qb3 Rb7 32. Rc5 Rb8 33. Qc4 Ra8 34.
Nb3 Rd8 35. Kf1 Rd6 36. Ke2 Nc6 37. Qe4 Kh8 38. Nd2 a5 39. Nc4 1-0

[Event "37. Copenhagen Open (Politiken Cup)"]
[Site "Elsinore"]
[Date "2015.07.26"]
[Round "3"]
[White "Sande, Odmund"]
[Black "Petersen, Martin Reib"]
[Result "0-1"]
[WhiteElo "1898"]
[BlackElo "2122"]
[PlyCount "74"]
[EventDate "2015.07.25"]
[EventType "swiss"]
[EventRounds "10"]
[EventCountry "DEN"]
[Source "ChessBase"]
[SourceDate "2015.09.14"]

1. d4 Nf6 2. c4 Nc6 3. Nc3 e5 4. e3 Bb4 5. Nf3 e4 6. Nd2 Bxc3 7. bxc3 O-O 8.
Be2 d6 9. O-O Re8 10. Rb1 b6 11. Ba3 Ne7 12. Re1 c5 13. Nf1 Qc7 14. Ng3 Nf5 15.
Rc1 Nxg3 16. hxg3 Bf5 17. Qd2 Rad8 18. Kh2 Bg4 19. f3 Bf5 20. g4 exf3 21. gxf3
Bxg4 22. Kg2 Bc8 23. Rh1 Bb7 24. d5 Bc8 25. Bd3 Re5 26. Kf2 Rde8 27. Rce1 Qe7
28. e4 Rh5 29. Bc1 Qe5 30. Rxh5 Qxh5 31. Rg1 Qh4+ 32. Ke3 g6 33. Qg2 Nd7 34.
Rh1 Qf6 35. Bd2 Ne5 36. Be2 Ba6 37. Qf1 Qg5+ 0-1

[Event "37. Copenhagen Open (Politiken Cup)"]
[Site "Elsinore"]
[Date "2015.07.26"]
[Round "3"]
[White "Schadd, Jan"]
[Black "Ski, Jonathan K"]
[Result "1-0"]
[WhiteElo "1852"]
[BlackElo "1549"]
[PlyCount "61"]
[EventDate "2015.07.25"]
[EventType "swiss"]
[EventRounds "10"]
[EventCountry "DEN"]
[Source "ChessBase"]
[SourceDate "2015.09.14"]

1. Nf3 Nf6 2. c4 c5 3. g3 g6 4. Bg2 Bg7 5. Nc3 Nc6 6. O-O O-O 7. d3 d6 8. Bg5
Bg4 9. h3 Bd7 10. Qd2 Qc8 11. Kh2 a6 12. Nd5 Qd8 13. Nxf6+ exf6 14. Bh6 Rb8 15.
Bxg7 Kxg7 16. Qc3 Ne5 17. d4 Nxf3+ 18. Bxf3 Kg8 19. Rad1 Qc8 20. dxc5 dxc5 21.
Qxf6 Bxh3 22. Rh1 Bg4 23. Qh4 Bxf3 24. exf3 Kg7 25. Kg2 Rh8 26. Qh6+ Kg8 27.
Rd5 b6 28. Rhd1 Qf8 29. Qf4 Qe8 30. Qf6 h6 31. Rd8 1-0

[Event "37. Copenhagen Open (Politiken Cup)"]
[Site "Elsinore"]
[Date "2015.07.26"]
[Round "3"]
[White "Schandorff, Lars"]
[Black "Schou Moldt, Thomas"]
[Result "1-0"]
[WhiteElo "2520"]
[BlackElo "2205"]
[PlyCount "45"]
[EventDate "2015.07.25"]
[EventType "swiss"]
[EventRounds "10"]
[EventCountry "DEN"]
[Source "ChessBase"]
[SourceDate "2015.09.14"]

1. d4 d5 2. c4 c6 3. Nc3 Nf6 4. cxd5 cxd5 5. Bf4 Bf5 6. Qb3 Nc6 7. Qxb7 Nxd4 8.
O-O-O Ne6 9. Rxd5 Qc8 10. Qxc8+ Rxc8 11. Rxf5 g6 12. Rxf6 exf6 13. Bd2 Bb4 14.
e3 O-O 15. Bd3 Kg7 16. Nge2 Rfd8 17. Bc2 h5 18. h4 f5 19. Rd1 Be7 20. g3 Bf6
21. Be1 Rxd1+ 22. Nxd1 Nc5 23. Ndc3 1-0

[Event "37. Copenhagen Open (Politiken Cup)"]
[Site "Elsinore"]
[Date "2015.07.26"]
[Round "3"]
[White "Schmied, Andreas"]
[Black "Keen, Cosima C"]
[Result "0-1"]
[WhiteElo "2047"]
[BlackElo "1821"]
[PlyCount "70"]
[EventDate "2015.07.25"]
[EventType "swiss"]
[EventRounds "10"]
[EventCountry "DEN"]
[Source "ChessBase"]
[SourceDate "2015.09.14"]

1. Nf3 d5 2. c4 e6 3. g3 Nf6 4. Bg2 Be7 5. d4 O-O 6. O-O Nbd7 7. Nbd2 b6 8. b3
Bb7 9. Bb2 c5 10. Rc1 Rc8 11. Rc2 dxc4 12. Nxc4 Be4 13. Rd2 cxd4 14. Bxd4 Nd5
15. Qa1 Bf6 16. Nd6 Bxf3 17. Bxf3 Bxd4 18. Qxd4 Rc6 19. Nc4 Rc5 20. Rfd1 Qc7
21. Qh4 N5f6 22. Bg2 Ne5 23. Ne3 Kh8 24. h3 Ng6 25. Qd4 h6 26. Qb2 Rc8 27. Rd4
Ne7 28. Kh2 Nf5 29. Nxf5 Rxf5 30. Bf3 b5 31. b4 e5 32. Rh4 e4 33. Qb1 Qe5 34.
Bg2 Rxf2 35. Qb3 Rc3 0-1

[Event "37. Copenhagen Open (Politiken Cup)"]
[Site "Elsinore"]
[Date "2015.07.26"]
[Round "3"]
[White "Shankland, Samuel L"]
[Black "Ivarsson, Torbjorn"]
[Result "1-0"]
[WhiteElo "2656"]
[BlackElo "2100"]
[PlyCount "57"]
[EventDate "2015.07.25"]
[EventType "swiss"]
[EventRounds "10"]
[EventCountry "DEN"]
[Source "ChessBase"]
[SourceDate "2015.09.14"]

1. e4 c5 2. Nf3 Nc6 3. d4 cxd4 4. Nxd4 g6 5. c4 Bg7 6. Be3 Nf6 7. Nc3 Ng4 8.
Qxg4 Nxd4 9. Qd1 Nc6 10. Qd2 d6 11. Be2 Bd7 12. O-O O-O 13. Rfd1 Be6 14. Nd5 b6
15. Rac1 Rc8 16. b4 Ne5 17. h3 Re8 18. Bd4 Qd7 19. f4 Nc6 20. Bxg7 Kxg7 21. c5
bxc5 22. bxc5 f6 23. cxd6 exd6 24. Bb5 Qb7 25. Rb1 Qf7 26. Nb4 Nxb4 27. Bxe8
Rxe8 28. Rxb4 Rd8 29. Rd4 1-0

[Event "37. Copenhagen Open (Politiken Cup)"]
[Site "Elsinore"]
[Date "2015.07.26"]
[Round "3"]
[White "Shehzad, Alisha"]
[Black "Morkedal, Oyvind"]
[Result "1/2-1/2"]
[WhiteElo "1266"]
[BlackElo "1689"]
[PlyCount "81"]
[EventDate "2015.07.25"]
[EventType "swiss"]
[EventRounds "10"]
[EventCountry "DEN"]
[Source "ChessBase"]
[SourceDate "2015.09.14"]

1. e4 c5 2. Nf3 e6 3. d4 cxd4 4. Nxd4 a6 5. Nc3 Qc7 6. Be3 Bb4 7. Qd3 Nf6 8.
Nde2 d5 9. exd5 Nxd5 10. Bd2 Nxc3 11. Bxc3 Bxc3+ 12. Nxc3 b5 13. Be2 Bb7 14.
O-O O-O 15. Rfd1 Nc6 16. a3 Rad8 17. Qe3 Ne7 18. Rxd8 Rxd8 19. Rd1 Rxd1+ 20.
Bxd1 Bd5 21. Nxd5 Nxd5 22. Qg3 Qxg3 23. hxg3 Kf8 24. Bf3 Ke7 25. Kf1 Kd6 26.
Ke2 a5 27. Kd3 Kc5 28. c3 a4 29. Kc2 Nb6 30. Kd3 Nc4 31. Kc2 Ne5 32. Be2 f5 33.
Kd2 Ng4 34. f3 Ne5 35. Kc2 g5 36. Kd2 f4 37. g4 Nc4+ 38. Bxc4 Kxc4 39. Kc2 e5
40. Kd2 Kc5 41. Kc2 1/2-1/2

[Event "37. Copenhagen Open (Politiken Cup)"]
[Site "Elsinore"]
[Date "2015.07.26"]
[Round "3"]
[White "Shehzad, Shazil"]
[Black "Matras, Ove"]
[Result "0-1"]
[WhiteElo "1479"]
[BlackElo "1940"]
[PlyCount "44"]
[EventDate "2015.07.25"]
[EventType "swiss"]
[EventRounds "10"]
[EventCountry "DEN"]
[Source "ChessBase"]
[SourceDate "2015.09.14"]

1. e4 d5 2. exd5 Nf6 3. Nf3 Nxd5 4. Bc4 c6 5. O-O Bg4 6. Re1 e6 7. Nc3 Be7 8.
Nxd5 cxd5 9. Bb3 Nc6 10. d3 Nd4 11. Be3 Nxf3+ 12. gxf3 Bh3 13. Ba4+ Kf8 14. Kh1
d4 15. Bf4 g5 16. Bd2 Qd5 17. Qe2 Bg4 18. Qe4 Bxf3+ 19. Kg1 Bxe4 20. Rxe4 h5
21. Bb3 Qf5 22. Rxd4 Bc5 0-1